Μάθηση και Κοινωνία / Η Εκπαίδευση στις Θεωρίες της Γνωστικής Ανάπτυξης (Record no. 3833)
[ view plain ]
| 000 -LEADER | |
|---|---|
| fixed length control field | 02308cam a22001934a 4500 |
| 005 - ΗΜΕΡΟΜΗΝΙΑ ΚΑΙ ΩΡΑ ΤΕΛΕΥΤΑΙΑΣ ΕΝΗΜΕΡΩΣΗΣ | |
| Πεδίο ελέγχου | 20250605164126.0 |
| 008 - FIXED-LENGTH DATA ELEMENTS--GENERAL INFORMATION | |
| Πεδίο ελέγχου σταθερού μήκους | 250528s ||||||||||||||||||||||||d |
| 035 ## - SYSTEM CONTROL NUMBER | |
| System control number | 18472 |
| 020 ## - ISBN | |
| ISBN | 9602100141 |
| 040 ## - ΠΗΓΗ ΚΑΤΑΛΟΓΟΓΡΑΦΗΣΗΣ | |
| Φορέας πρωτότυπης καταλογογράφησης | MC Athens Campus Library |
| Γλώσσα καταλογογράφησης | Ελληνικά, Μοντέρνα (1453-) |
| Modifying agency | MC Athens Campus Library |
| Κανόνες περιγραφικής καταλογογράφησης | AACR2 |
| 245 1# - ΤΙΤΛΟΣ ΚΑΙ ΔΗΛΩΣΗ ΥΠΕΥΘΥΝΟΤΗΤΑΣ | |
| Τίτλος | Μάθηση και Κοινωνία / Η Εκπαίδευση στις Θεωρίες της Γνωστικής Ανάπτυξης |
| 260 ## - PUBLICATION, DISTRIBUTION, ETC. | |
| Name of publisher, distributor, etc. | Οδυσσέας, |
| Date of publication, distribution, etc. | 1988 |
| 300 ## - PHYSICAL DESCRIPTION | |
| Extent | 224 |
| 520 ## - SUMMARY, ETC. | |
| Summary, etc. | Εισαγωγικά, Επιστημολογική και Ψυχολογική Προοπτική της Μετάβασης από τον Οργανισμό στο Υποκείμενο, Τα Εμπειριστικά Μοντέλα της Μάθησης και της Διδασκαλίας, Μπιχαβιοριστικές και Νεό-μπιχαβιοριστικές Θεωρίες της Μάθησης, Η ''Θεωρία'' της Επεξεργασίας της Πληροφορίας και το Παράδειγμα του Ηλεκτρονικού Υπολογιστή στη Γνωστική Ψυχολογία, Εμβέλεια και Όρια του Πιαζετικού Μοντέλου της Γνωστικής Ανάπτυξης, Θεωρητικά Χαρακτηριστικά του Μοντέλου και οι Παιδαγωγικές Προεκτάσεις: από τον Piaget στον Papert, Σκέψη και Γλωσσική Έκφραση και Επικοινωνία: Γλωσσολογία και Ψυχολογία, Το Βάρος του Έμφυτου και του Επίκτητου στην Γνωστική και Γλωσσική Ανάπτυξη: Ο Αντίλογος Chomsky-Piaget, Το Βάρος του Κοινωνικού Περιβάλλοντος στη Γνωστική και Γλωσσική Ανάπτυξη: Για μια Κοινωνική Γνωστική Ψυχολογία, Η Υπόθεση της Κοινωνικής Ψυχογένεσης: Vygotsky - Wallon - Bruner, Η Ψυχοπαιδαγωγική Προσέγγιση της Κοινωνικής Αλληλεπίδρασης: Meas - Doise - Mugny - Perret-Clermont, Επίλογος, Βιβλιογραφία. |
| 700 1# - ΠΡΟΣΘΕΤΗ ΑΝΑΓΡΑΦΗ--ΦΥΣΙΚΟ ΠΡΟΣΩΠΟ | |
| Personal name | Παπαλεξανδρή Νάνσυ |
| 9 (RLIN) | 1037 |
| 942 ## - ADDED ENTRY ELEMENTS (KOHA) | |
| Koha item type | Books |
| Τύπος τεκμηρίου | Βιβλιοθήκη | Τρέχουσα τοποθεσία | Barcode | Αριθμός εισαγωγής | Ημερομηνία απόκτησης | Ταξιθετικό σύμβολο | Αριθμός αντιτύπου | Κατάσταση απόσυρσης | Κατάσταση χαμένου | Κατάσταση κατεστραμμένου | Μη δανεισμός | Σύνολο δανεισμών | Ημερομηνία τελευταίας εμφάνισης | Η τιμή ισχύει από |
|---|---|---|---|---|---|---|---|---|---|---|---|---|---|---|
| Books | MC Athens Campus Library | MC Athens Campus Library | 9780000038326 | 3164 | 05/06/2025 | 370.1523 PAP | 1 | 05/06/2025 | 05/06/2025 |